000 00509nam a2200169Ia 4500
008 090711s9999 xx 000 0 und d
082 _b72660
100 _aदीक्षित कमलाकर
245 _aटीकाप्रपंSा
260 _c1993
300 _a125
600 _aदीक्षित कमलाकर
630 _aटीकाप्रपंSा
700 _aदीक्षित कमलाकर
730 _aटीकाप्रपंSा
942 _cBOOK
999 _c315879
_d315879